| 000 | 00482nam a22001577a 4500 | ||
|---|---|---|---|
| 003 | NUST | ||
| 038 | _aSaba | ||
| 082 |
_a621.3 _bMCS |
||
| 100 |
_aRaza, Lt Cdr Syed Hassan Raza _935083 |
||
| 245 |
_aAuto -Tuning In LTE Networks Using Joint RRM Optimization _cLt Cdr Syed Hassan Raza |
||
| 260 |
_aIslamabad : _bMCS- NUST, _c2014. |
||
| 300 |
_a42p. _c30cm |
||
| 650 |
_aElectrical Engineering - Auto Tuning _935084 |
||
| 700 |
_aDr. Moazzam Islam Tiwana _935085 |
||
| 942 |
_2ddc _cTHE |
||
| 999 |
_c540842 _d540842 |
||